000
00298nam a22001337a 4500
008
171031b xxu||||| |||| 00| 0 eng d
020
_a
9780324259919
041
_a
eng
080
_2
7TH
_a
33
100
_a
59
101
_a
BUS
245
_a
INTERNATIONAL BUSINESS
_c
CZINKOTA,M,R
942
_2
udc
_c
BK
999
_c
36832
_d
36832